Leaves, fruits, seeds and roots / (Record no. 7295)

MARC details
000 -LEADER
fixed length control field 00923nam a22002897a 4500
001 - CONTROL NUMBER
control field 7295
003 - CONTROL NUMBER IDENTIFIER
control field FISKH
005 - DATE AND TIME OF LATEST TRANSACTION
control field 20250708152830.0
008 - FIXED-LENGTH DATA ELEMENTS--GENERAL INFORMATION
fixed length control field 250708b cb ||||| |||| 00| 0 eng d
020 ## - INTERNATIONAL STANDARD BOOK NUMBER
International Standard Book Number 9780516230641
040 ## - CATALOGING SOURCE
Original cataloging agency FISKH
Language of cataloging eng
Transcribing agency FISKH
Modifying agency FISKH
050 ## - LIBRARY OF CONGRESS CALL NUMBER
Classification number PZ7
082 ## - DEWEY DECIMAL CLASSIFICATION NUMBER
Classification number 428.6635
100 ## - MAIN ENTRY--PERSONAL NAME
Personal name Buxton, Jane
245 ## - TITLE STATEMENT
Title Leaves, fruits, seeds and roots /
Statement of responsibility, etc. by Jane Buxton
250 ## - EDITION STATEMENT
Edition statement This edition published in 1997.
260 ## - PUBLICATION, DISTRIBUTION, ETC.
Place of publication, distribution, etc. Wellington :
Name of publisher, distributor, etc. Learning Media,
Date of publication, distribution, etc. 1996
300 ## - PHYSICAL DESCRIPTION
Extent 10 pages :
Other physical details color illustrations ;
Dimensions 16 x 18 cm
490 ## - SERIES STATEMENT
Series statement Welcome books:
505 ## - FORMATTED CONTENTS NOTE
Formatted contents note G<br/>
520 ## - SUMMARY, ETC.
Summary, etc. Discusses different types of edible plants, fruit and vegetables which can be grown in the garden. Suggested level: junior.
521 8# - TARGET AUDIENCE NOTE
Target audience note 300<br/>
Source Lexile estimate<br/>
521 8# - TARGET AUDIENCE NOTE
Target audience note G<br/>
Source Raz-Plus<br/>
650 ## - SUBJECT ADDED ENTRY--TOPICAL TERM
Topical term or geographic name entry element Science for kids
Form subdivision Nonfiction
General subdivision Plant parts
942 ## - ADDED ENTRY ELEMENTS (KOHA)
Source of classification or shelving scheme Dewey Decimal Classification
Koha item type Books
Suppress in OPAC No
Holdings
Withdrawn status Lost status Source of classification or shelving scheme Damaged status Not for loan Collection Home library Current library Shelving location Date acquired Total Checkouts Full call number Barcode Date last seen Copy number Price effective from Koha item type
    Dewey Decimal Classification     Non-Fiction Footprints International School Library Network Toul Kork Campus Footprints International School Library Network Toul Kork Campus TK Primary Library Room(4th Floor), Bookcase 7, Shelves 57-60, Dark Green Books 07/08/2025   BUX 428.6635 PZ7 2025-1770 07/08/2025 1 07/08/2025 Books